00345nam a2200121Ia 4500008004100000020001200041050001500053100002300068245003500091260006000126300002400186650001300210150202s9999 xx 000 0 und d a6167632 aFIC bFIC  aMaclean, Alistair. aPartisans /cAlistair Maclean. aGreat Britain :bWilliam Collins Sons & Co. Ltd,c1982. a224 pages :c18 cm. aFiction.